000 nam a22 7a 4500
999 _c7283
_d7283
008 170803b xxu||||| |||| 00| 0 eng d
020 _a9789350588673
082 _21
_a174.4
100 _aGANDHI,POONAM
_93821
245 _aBUSINESS STUDIES
260 _aNEW DELHI
_bVK GLOBAL PUBLICATIONS PVT. LTD.
_c2017-18
300 _aBUSINESS STUDIES
942 _2ddc
_cBK
_e1